000 00449nam a2200169Ia 4500
003 GCL
008 140319s9999 xx 000 0 eng d
040 _aGCL /
_cGCL
082 0 4 _aCC
_b299.31
_bQ A
100 1 _aQUIRKE, STEPHEN
245 1 0 _aANCIENT EGYPTIAN RELIGION /
_cQUIRKE, STEPHEN
260 _a[S.N] :
_bBRITISH MUSEUM PRESS ،
_c1992
300 _a192 P
650 0 4 _aRELIGION
650 0 4 _aANCIENT EGYPTIAN, RELIGION
942 _2ddc
_cBK
999 _c25086
_d25086